000 00763pam a2200265 i 4500
999 _c4366
_d4366
001 44016
003 GBCCL
005 20241126110517.0
008 800110s1980 nju b 00010 eng
010 _a 80000450
020 _a0800711076
035 _aOCM05946621 820911
040 _aDLC
_cDLC
_dm.c.
_dLBB
049 _aLBBK
050 0 _aBS2825.2
_b.C57
082 _a228.06
_219
_bCOL
092 _a228.06
_bC692
100 1 _aColeman, Robert Emerson,
_d1928-
_96053
245 1 0 _aSongs of heaven /
_cRobert E. Coleman.
260 _aOld Tappan, N.J. :
_bRevell,
_cc1980.
300 _a159 p. ;
_c22 cm.
504 _aIncludes bibliographical references.
630 0 0 _aBible.
_pN.T.
_pRevelation
_xCriticism, interpretation, etc.
_98207
942 _2ddc
_cBK
_02